000 00931cam a2200229 4500
001 WB3730-11
008 010802n2001 000 0 eng u
035 _a(Sirsi) u113908
245 _aLand levy to fund Tube work
260 _c2001
490 _aFinancial Times
_v 2 August 2001, 5(1)
520 _aA London property developer has put forward the idea that a levy on increased land values could fund improvements to London Underground. In his book, "Taken for a ride", Don Riley suggests that government could use the tax system to capture additional revenue where public sector projects raise rental values; an example being the rapid land price rises around the new Jubilee line stations.
590 _aWB
650 _aLONDON UNDERGROUND
650 _aPUBLIC SECTOR PROJECTS
650 _aTAXATION
650 _aFUNDING
650 _aLAND VALUES
650 _aRENTAL VALUES
690 _aFINANCE
942 _n0
999 _c67872
_d67872